000 00863nam a2200241Ia 4500
003 OSt
005 20220923221740.0
006 a|||||r|||| 00| 0
007 ta
008 220922b |||||||| |||| 00| 0 hin d
024 _a199,752
037 _cTextual
040 _aARTS
_cARTS
_bhin
041 _2hin
_ahin
082 _aQ22:223:g(S:55), 152M2
100 _aतिवारी, राम चन्द्र
245 0 _aश्रीमद् भागवत पुराण में प्रेमतत्व
246 _aShrīmad bhāgavat purāṇ mean prematatva
260 _aदिल्ली
_b ईस्ट्र्न बुक लिंकर्स
_c1982
300 _a363i``0
_ccm.
942 _hQ22:223:g(S:55), 152M2
_cTEXL
_2CC
999 _c351491
_d351491